| 000 | 00419pab a2200169 454500 | ||
|---|---|---|---|
| 008 | 180718b2008 xxu||||| |||| 00| 0 eng d | ||
| 100 | _aNarasimhan, Sakuntala | ||
| 245 | _aClimatic change: relevance of Gandhian ideas to global warming | ||
| 260 | _c2008 | ||
| 300 | _ap.45-47. | ||
| 362 | _aJun | ||
| 650 | _aGreenhouse effect | ||
| 650 | _aClimatic change | ||
| 773 | _aYojana | ||
| 908 | _aN | ||
| 909 | _a78528 | ||
| 999 |
_c78528 _d78528 |
||